| 000 | 00925nam a2200289Ia 4500 | ||
|---|---|---|---|
| 003 | OSt | ||
| 005 | 20221007124010.0 | ||
| 006 | a|||||r|||| 00| 0 | ||
| 007 | ta | ||
| 008 | 221006b |||||||| |||| 00| 0 eng d | ||
| 020 | _a9788173195662 (pbk) | ||
| 024 | _a83570 | ||
| 037 |
_b1237, 23/02/2009, Educational Book Agency (India) _cTextbook |
||
| 040 |
_aCDL _cCDL _beng |
||
| 041 |
_2eng _aeng |
||
| 082 | _aE5:3,T5, P4-;1 Carc | ||
| 100 | _aJag Mohan | ||
| 245 | 0 | _aOrganic spectroscopy:principles and applications | |
| 250 | _a2 | ||
| 260 |
_aNew _bDelhi Narosa Publishing _c2004 |
||
| 300 |
_axiii, 548p. _ccm. |
||
| 500 | _aIncludes bibliographical references.; Index 543-548p. | ||
| 650 | _a Organic spectroscopy | ||
| 650 | _aChemistry | ||
| 942 |
_hE5:3,T5, P4-;1 Carc _cTB _2CC |
||
| 999 |
_c1212778 _d1212778 |
||